TORRE DI BABELE E IL VIAGGIO DI ABRAMO (IL) - SODOMA E GOMORRA (Record n. 104722)

Dettagli MARC
000 -LEADER
fixed length control field 02657agaaa2200349 4500
001 - CONTROL NUMBER
control field 0456
003 - CONTROL NUMBER IDENTIFIER
control field IT-RoPAU
005 - DATE AND TIME OF LATEST TRANSACTION
control field 20220918181224.0
007 - PHYSICAL DESCRIPTION FIXED FIELD--GENERAL INFORMATION
fixed length control field d cvaizq
008 - FIXED-LENGTH DATA ELEMENTS--GENERAL INFORMATION
fixed length control field 50131s9999||||xx ||| | || ||und||
040 ## - CATALOGING SOURCE
Original cataloging agency IT-RoPAU
Transcribing agency IT-RoPAU
041 ## - LANGUAGE CODE
Language code of text/sound track or separate title ITALIANO
100 ## - MAIN ENTRY--PERSONAL NAME
Personal name Kantor Frantz
Miscellaneous information Codice regista SPICS: 60178
9 (RLIN) 37303
130 ## - MAIN ENTRY--UNIFORM TITLE
Uniform title TORRE DI BABELE E IL VIAGGIO DI ABRAMO (IL) - SODOMA E GOMORRA
9 (RLIN) 37304
240 ## - UNIFORM TITLE
Uniform title ANIMATED KID'S BIBLE (THE)
Miscellaneous information T3874
245 ## - TITLE STATEMENT
Title TORRE DI BABELE E IL VIAGGIO DI ABRAMO (IL) - SODOMA E GOMORRA
Statement of responsibility, etc. Prodotto da: Broadbrige Tom -- Sceneggiatura: Capamagian Brian Broadbrige Nigel T. Cronin C.J. Hunnam M. -- Diretto da: Kantor Frantz
Name of part/section of a work TORRE DI BABELE E IL VIAGGIO DI ABRAMO (IL) - SODOMA E GOMORRA (Rif. Codice opera principale : K0456)
246 ## - VARYING FORM OF TITLE
Title proper/short title ANIMATED KID'S BIBLE (THE)
250 ## - EDITION STATEMENT
Edition statement Edizione Standard
260 ## - PUBLICATION, DISTRIBUTION, ETC. (IMPRINT)
Place of publication, distribution, etc. (USA)
Name of publisher, distributor, etc. N.d. / Distribuzione: MULTIMEDIA SAN PAOLO
Date of manufacture "2005 (1° ed.: 2010 ; Ed. Lingua Orig.: 2005)"
300 ## - PHYSICAL DESCRIPTION
Extent DVD
Other physical details sonoro, col.
Dimensions 105 minuti
508 ## - CREATION/PRODUCTION CREDITS NOTE
Creation/production credits note "Montaggio: Ford G. Jennings P. ; Musica: Ball Marty; Sceneggiatura: Capamagian Brian Broadbrige Nigel T. Cronin C.J. Hunnam M. ; Scenografia: Kantor Frantz ; Soggetto: Broadbrige Nigel T. -- Capamagian Brian"
511 ## - PARTICIPANT OR PERFORMER NOTE
Participant or performer note "; "
520 ## - SUMMARY, ETC.
Summary, etc. SECONDO DVD DELLA SERIE LE AVVENTURE DELLA BIBBIA DA ADAMO A GESU'. LA BIBBIA ANIMATA IN 3D. MOLTO TEMPO DOPO IL DILUVIO LA DISCENDENZA DI NOE' SI DIFFONDE. LE NUOVE POPOLAZIONI DIVENUTI POTENTI E ARROGANTI SFIDANO DIO COSTRUENDO UN'IMMENSA TORRE PER RAGGIUNGERE IL CIELO. DIO, PER PUNIRLI, FA SI CHE OGNUNO DI LORO PARLI UNA LINGUA SCONOSCIUTA, E' IL CAOS TOTALE ED E' COSI' CHE LA TORRE DI BABELE VIENE ABBANDONATA. SECOLI DOPO DIO ORDINA AD ABRAMO DI LASCIARE LA SUA TERRA E PARTIRE VERSO UN PAESE DA LUI INDICATO. ABRAMO PARTE CON LA MOGLIE SARA E IL NIPOTE LOT. ABRAMO VIENE A CONOSCENZA CHE LOT E' STATO FATTO PRIGIONIERO DAI NEMICI DI SODOMA E GOMORRA E COSI' PARTE IN AIUTO DEL NIPOTE, SCONFIGGE I NEMICI E SALVA LOT E LA SUA FAMIGLIA. VISTO IL PROLIFERARSI DEI MALVAGI NELLE CITTA' DI SODOMA E GOMORRA, DIO DECIDE DI UCCIDERE TUTTI GLI ABITANTI CON UNA TERRIBILE TEMPESTA DI FUOCO.
538 ## - SYSTEM DETAILS NOTE
System details note PAL, STEREO
546 ## - LANGUAGE NOTE
Language note ITALIANO
650 ## - SUBJECT ADDED ENTRY--TOPICAL TERM
Topical term or geographic name as entry element ANIMAZIONE 3D
Relator term DVD-FILM [DVD]
General subdivision Codice MATERIA SPICS: 9947
9 (RLIN) 37305
700 ## - ADDED ENTRY--PERSONAL NAME
Personal name Ball Marty
Relator term (musica)
Miscellaneous information Codice Musica SPICS: 60181
9 (RLIN) 37306
700 ## - ADDED ENTRY--PERSONAL NAME
Personal name Broadbrige Nigel T.
Relator term (soggetto)
Miscellaneous information Codice Soggetto SPICS: 60179
9 (RLIN) 37307
700 ## - ADDED ENTRY--PERSONAL NAME
Personal name Capamagian Brian
Relator term (soggetto)
Miscellaneous information Codice Soggetto 2° SPICS: 60180
9 (RLIN) 37308
700 ## - ADDED ENTRY--PERSONAL NAME
Personal name Kantor Frantz
Relator term (regista)
Miscellaneous information Codice regista SPICS: 60178
9 (RLIN) 37309
942 ## - ADDED ENTRY ELEMENTS (KOHA)
Koha item type DVD
Source of classification or shelving scheme Dewey Decimal Classification
Dati di copia
Withdrawn status Lost status Damaged status Not for loan Home library Current library Date acquired Total Checkouts Full call number Date last seen Price effective from Koha item type Public note
    Buone Condizioni Not For Loan SPICS-MEDIATECA SPICS-MEDIATECA 31/01/2015   K0456 31/01/2015 31/01/2015 DVD Progr. Ins.: 3936 / N.Vol.:1 / Copie: 1 / Pag.:0 / Copia rara: n.d. / date import: 1.2.2015 / By Epidotti, Trombetti, Vaglietti
CREDITS: SOCIETA' SAN PAOLO Via A.Severo, 58 - ROMA (RM) & PERIODICI SAN PAOLO SRL Via Giotto, 36 MILANO & CISF Via Giotto, 36 MILANO & EDIZIONI SAN PAOLO SRL,  Piazza Soncino, 5 CINISELLO BALSAMO (MI) -- ITALY